| 000 | 00460cam a22001694a 4500 | ||
|---|---|---|---|
| 005 | 20250605164246.0 | ||
| 008 | 250528s ||||||||||||||||||||||||d | ||
| 035 | _a21520 | ||
| 040 |
_aGR-AtMCL _bgre _dGR-AtMCL _eAACR2 |
||
| 245 | 1 | _aΕΠΙΧΕΙΡΗΣΗ ΚΑΙ ΚΟΙΝΩΝΙΑ | |
| 250 | _a1 | ||
| 260 |
_bΑ.Π.Θ, _c2001 |
||
| 700 | 1 |
_aΚαρασαββιδου-Χατζηγρηγοριου Ε _97517 |
|
| 942 | _cBK | ||
| 999 |
_c6582 _d6582 |
||